Statistics for TNS QUIZ HOW WELL DO YOU KNOW THE NEXT STEP

Click here to take the quiz!

General Stats

  • This quiz has been taken 426 times
  • The average score is 12 of 15

Answer Stats

QuestionAnswer% Correct
S4: Who is James' sister?Piper
98%
S5: What are the two competing troups?TNS East and TNS West
98%
S4: Who does Riley kiss when she is still with James?Alfie
97%
S3: Where is Internationals held?Miami
94%
S2: Who comes in and says Michelle is his girlfriend?Hunter
92%
S7: Who did Finn kiss whilst he was still with Amy?Piper
91%
S6: Who is Davis?Jacquie's Sister
89%
S6: What dance style can Piper not do?Acro
87%
S7: Who were the faces of Absolute Dance?Richelle and Summer
87%
S1: What is the TNS intro song called?Stand Up
83%
S5: Who decides to merge the two troups?Piper and Amy
76%
S2: Who leaves the studio for a bit?Michelle
63%
S3: Who is scared of alligators?James
46%
BONUS QUESTION: How old was Julian Lombardi (Ozzy) in Season 5?16
33%
S1: What episode to Jiley get together in?Can You Keep a Secret
28%

Score Distribution

Percentile by Number Answered

Percent of People with Each Score

Your Score History

You have not taken this quiz